000 00836na a2200265 4500
001 14009
003 MIRAKIL
005 20181213155333.0
008 180905b tu 000 0
020 _a9759807912
035 _a14009
040 _aMilas
_btur
_cTR-AnCHP
041 _atur
082 _aATA 956.1023
_bC25a 2006
090 _aATA 956.1023 C25a 2006
100 _aCanbazoğlu, Hicret Hürkan
245 _aAsker gözü ile Mustafa Kemal şah Vahdettin mat
_cHicret Hürkan Canbazoğlu ; derleyen Serhat Hürkan
260 _aAnkara
_b[yayl.y.]
_c2006
300 _aviii, 86 s.
_c20 sm.
600 _aAtatürk, Mustafa Kemal
_d1881-1938
_xYaşamöyküsü
600 _aAtatürk, Mustafa Kemal
_d1881-1938
_xOsmanlı sarayı
650 _aTarih
_xAnılar
_zTürkiye
651 _aTürkiye
_xTarih
942 _2ddc
_cBKS
999 _c10794
_d10794